[Event "GER-ch Seniors 22nd"]
[White "Thieme, Wolfgang"]
[Black "Trnovec, Mihaly"]
[Site "Berlin"]
[Round "6"]
[Result "1-0"]
[Date "2010.08.21"]
[WhiteElo "1731"]
[BlackElo "1866"]
[PlyCount "123"]
[EventDate "2010.08.16"]
[EventType "swiss"]
[EventRounds "9"]
[EventCountry "GER"]
[SourceTitle "CBM 138 Extra"]
[Source "ChessBase"]
[SourceDate "2010.10.29"]
[SourceVersion "1"]
[SourceVersionDate "2010.10.29"]
[SourceQuality "1"]

1. e4 c5 2. d4 e6 3. Nf3 cxd4 4. c3 d5 5. exd5 Qxd5 6. cxd4 Nf6 7. Nc3 Qd8 8. Bg5 Be7 9. Bd3 h6 10. Bf4 a6 11. 0-0 0-0 12. Qe2 Nc6 13. Rad1 Nb4 14. Bb1 Bd7 15. Ne5 Nbd5 16. Bc1 Bd6 17. Qf3 Be8 18. Qh3 Nh7 19. Bxh6 f5 20. Nxd5 Bxe5 21. dxe5 exd5 22. Qg3 Qe7 23. Rxd5 Kh8 24. Be3 Rc8 25. Rfd1 Rc7 26. f4 Bc6 27. Rd6 Qf7 28. e6 Qe7 29. Bd4 Qxd6 30. Bxg7+ Rxg7 31. Rxd6 Rxg3 32. hxg3 Kg7 33. g4 fxg4 34. e7 Re8 35. Rg6+ Kh8 36. Re6 g3 37. Bg6 Rc8 38. e8Q+ Bxe8 39. Rxe8+ Rxe8 40. Bxe8 Nf6 41. Bg6 Kg7 42. Bd3 a5 43. Kf1 Nh5 44. f5 Kf6 45. Be4 b6 46. Ke2 Ke5 47. Kf3 Nf6 48. Bb1 Nd5 49. Kxg3 Ne3 50. Kf3 Nd1 51. Kg4 Nxb2 52. Kg5 Nc4 53. f6 Ke6 54. Kg6 Ne5+ 55. Kg7 b5 56. Bd3 b4 57. f7 Nxf7 58. Bc4+ Ke5 59. Kxf7 a4 60. g4 Kf4 61. Ke6 b3 62. Bxb3 1-0

[Event "GER-ch Seniors 22nd"]
[White "Trnovec, Mihaly"]
[Black "Pueschel, Werner"]
[Site "Berlin"]
[Round "4"]
[Result "0-1"]
[Date "2010.08.19"]
[WhiteElo "1866"]
[BlackElo "2079"]
[PlyCount "152"]
[EventDate "2010.08.16"]
[EventType "swiss"]
[EventRounds "9"]
[EventCountry "GER"]
[SourceTitle "CBM 138 Extra"]
[Source "ChessBase"]
[SourceDate "2010.10.29"]
[SourceVersion "1"]
[SourceVersionDate "2010.10.29"]
[SourceQuality "1"]

1. e4 c5 2. Nc3 e6 3. Bc4 a6 4. a4 Nc6 5. f4 b6 6. d3 Bb7 7. Nf3 Rc8 8. 0-0 Na5 9. Ba2 Ne7 10. Bd2 g6 11. Qe1 Bg7 12. h3 0-0 13. Rd1 d6 14. Ng5 Qd7 15. Qh4 h6 16. Nf3 Nac6 17. f5 gxf5 18. Bxh6 Ng6 19. Qh5 f4 20. Ng5 Rfe8 21. g3 Nd4 22. Bxg7 Kxg7 23. Qh7+ Kf6 24. Qh5 Rh8 25. Qg4 Rcg8 26. Rxf4+ Nxf4 27. Qxf4+ Kg6 28. Rf1 Qe7 29. Nxf7 Rf8 30. Qg4+ Kh7 31. Ng5+ Kh6 32. h4 Rxf1+ 33. Kxf1 Qf6+ 34. Qf4 Qxf4+ 35. gxf4 Rf8 36. Nxe6 Nxe6 37. Bxe6 Rxf4+ 38. Ke1 Rxh4 39. Nd5 Bxd5 40. Bxd5 Rh2 41. Kd1 a5 42. Bc4 Kg5 43. Bd5 Kf4 44. Kc1 Ke3 45. b3 Rf2 46. Bc4 Rg2 47. Bd5 Rg1+ 48. Kb2 Kd2 49. b4 axb4 50. Bc4 Rc1 51. Bb3 Rh1 52. Bc4 Rh2 53. Bd5 Ke3 54. Bc4 Kd4 55. Bb3 Re2 56. Bd5 Re1 57. Bb3 Re3 58. Bd5 c4 59. Bxc4 Rxe4 60. Kb3 Re2 61. Bb5 d5 62. Kb2 Rh2 63. Kb3 Kc5 64. Be8 Rh4 65. Bb5 Rh1 66. Kb2 Re1 67. Bd7 Kd6 68. Bb5 Ke5 69. Bc6 Kd4 70. Bb5 Rg1 71. Bc6 Rg7 72. Bb5 Rc7 73. Kb3 Rc3+ 74. Kxb4 Rxc2 75. Ba6 Rc5 76. Kb3 Ra5 0-1

[Event "GER-ch Seniors 22nd"]
[White "Lang, Ferdinand"]
[Black "Trnovec, Mihaly"]
[Site "Berlin"]
[Round "2"]
[Result "1/2-1/2"]
[Date "2010.08.17"]
[WhiteElo "2071"]
[BlackElo "1866"]
[PlyCount "121"]
[EventDate "2010.08.16"]
[EventType "swiss"]
[EventRounds "9"]
[EventCountry "GER"]
[SourceTitle "CBM 138 Extra"]
[Source "ChessBase"]
[SourceDate "2010.10.29"]
[SourceVersion "1"]
[SourceVersionDate "2010.10.29"]
[SourceQuality "1"]

1. e4 c5 2. Nf3 Nc6 3. d4 cxd4 4. Nxd4 d6 5. Nc3 Bd7 6. Be2 g6 7. 0-0 Bg7 8. Be3 Nf6 9. h3 0-0 10. Qd2 Nxd4 11. Bxd4 Ne8 12. Rad1 Bc6 13. Rfe1 e6 14. e5 Qc7 15. exd6 Qxd6 16. Qe3 Bxd4 17. Rxd4 Qe7 18. Qh6 Qf6 19. Red1 Qg7 20. Qg5 Qf6 21. Qc5 Ng7 22. Bb5 Nf5 23. R4d3 Qe7 24. Qxe7 Nxe7 25. Bxc6 Nxc6 26. Rd7 b6 27. a3 Ne5 28. R7d4 Rac8 29. Rb4 Nc4 30. Ne2 Rc7 31. a4 e5 32. Rd5 f6 33. c3 Kf7 34. b3 Na5 35. Rh4 Ke6 36. Rb5 Rff7 37. Re4 Kd6 38. f4 Rfe7 39. c4 Rc5 40. b4 Rxc4 41. Ng3 Rc1+ 42. Kf2 Nc6 43. fxe5+ fxe5 44. Ne2 Rc2 45. Ke3 Nd4 46. Nxd4 exd4+ 47. Kxd4 Rxe4+ 48. Kxe4 Rxg2 49. Rd5+ Ke6 50. Rd8 Ra2 51. a5 Ra4 52. Ra8 Rxb4+ 53. Kf3 bxa5 54. Rxa7 a4 55. Rxh7 Kf5 56. Ra7 Rb3+ 57. Kg2 a3 58. Ra4 g5 59. Kh2 Rb2+ 60. Kg3 Rb3+ 61. Kg2 1/2-1/2

[Event "HUN-ch Seniors"]
[White "Vrona, Mihail"]
[Black "Trnovec, Mihaly"]
[Site "Ajka"]
[Round "4"]
[Result "1/2-1/2"]
[Date "2009.06.24"]
[WhiteElo "2122"]
[BlackElo "2003"]
[PlyCount "72"]
[EventDate "2009.06.22"]
[EventType "swiss"]
[EventRounds "9"]
[EventCountry "HUN"]
[SourceTitle "EXT 2011"]
[Source "ChessBase"]
[SourceDate "2010.11.26"]
[SourceVersion "1"]
[SourceVersionDate "2010.11.26"]
[SourceQuality "1"]

1. d4 Nf6 2. Nf3 c5 3. d5 d6 4. Nc3 g6 5. e4 Bg7 6. a4 b6 7. Bd3 a6 8. Qe2 Ng4 9. h3 Ne5 10. Nxe5 dxe5 11. 0-0 0-0 12. Rd1 Nd7 13. Rb1 a5 14. Bc4 Nf6 15. Be3 Ne8 16. Qd2 Nd6 17. b3 Bd7 18. Bh6 Qc7 19. Bxg7 Kxg7 20. Qg5 f6 21. Qh4 Rab8 22. Bb5 Bxb5 23. axb5 Qd7 24. f4 exf4 25. Qxf4 Nxb5 26. Nxb5 Qxb5 27. e5 Rbd8 28. c4 Qe8 29. h4 h6 30. Rd3 g5 31. hxg5 hxg5 32. Qg3 Qg6 33. Re1 Rh8 34. Rf3 Rh4 35. Ref1 Qh7 36. Kf2 Qc2+ 1/2-1/2

[Event "Niedersachsen-ch Seniors op 11th"]
[White "Stascheit, Eckhard"]
[Black "Trnovec, Mihaly"]
[Site "Bad Bevensen"]
[Round "3"]
[Result "0-1"]
[Date "2008.07.10"]
[WhiteElo "1704"]
[BlackElo "1891"]
[PlyCount "40"]
[EventDate "2008.07.08"]
[EventType "swiss"]
[EventRounds "9"]
[EventCountry "GER"]
[SourceTitle "EXT 2022"]
[Source "ChessBase"]
[SourceDate "2021.10.06"]
[SourceVersion "1"]
[SourceVersionDate "2021.10.06"]
[SourceQuality "1"]

1. e4 c5 2. Nc3 Nc6 3. Nf3 g6 4. Bc4 Bg7 5. Ne2 e6 6. d4 d5 7. exd5 exd5 8. Bb5 Qa5+ 9. Nc3 Nge7 10. Bd2 0-0 11. dxc5 d4 12. Bxc6 dxc3 13. Bxc3 Bxc3+ 14. bxc3 Qxc3+ 15. Nd2 Nxc6 16. a4 Re8+ 17. Kf1 Rd8 18. Ke1 Nb4 19. Rb1 Nxc2+ 20. Ke2 Qd3# 0-1

[Event "Niedersachsen-ch Seniors op 11th"]
[White "Reschke, Susanne"]
[Black "Trnovec, Mihaly"]
[Site "Bad Bevensen"]
[Round "1"]
[Result "0-1"]
[Date "2008.07.08"]
[WhiteElo "1579"]
[BlackElo "1891"]
[PlyCount "82"]
[EventDate "2008.07.08"]
[EventType "swiss"]
[EventRounds "9"]
[EventCountry "GER"]
[SourceTitle "EXT 2022"]
[Source "ChessBase"]
[SourceDate "2021.10.06"]
[SourceVersion "1"]
[SourceVersionDate "2021.10.06"]
[SourceQuality "1"]

1. e4 c5 2. f4 Nc6 3. Nc3 g6 4. Nf3 Bg7 5. d3 e6 6. Ne2 b6 7. c3 Nge7 8. Be3 d5 9. Ng3 d4 10. Bd2 0-0 11. Be2 dxc3 12. Bxc3 Nd4 13. 0-0 Nec6 14. Nxd4 Nxd4 15. f5 exf5 16. exf5 Nxf5 17. Nxf5 Bxf5 18. Bxg7 Kxg7 19. Qb3 Qd4+ 20. Kh1 Rad8 21. Rad1 Be6 22. Qa3 Qb4 23. Qxb4 cxb4 24. a3 bxa3 25. bxa3 Rd4 26. Rc1 Rc8 27. Kg1 Rcd8 28. Rc7 R8d7 29. Rfc1 Bf5 30. Rxd7 Rxd7 31. Rc3 Be6 32. Kf2 Bd5 33. g3 f5 34. Bd1 g5 35. Ba4 Re7 36. Bb5 Kf6 37. Rc1 h5 38. Rc2 f4 39. gxf4 gxf4 40. h4 Rg7 41. Be8 Rg2+ 0-1

[Event "HUN-ch Seniors"]
[White "Trnovec, Mihaly"]
[Black "Frink, Ferenc"]
[Site "Ajka"]
[Round "4"]
[Result "0-1"]
[Date "2008.06.25"]
[WhiteElo "2028"]
[BlackElo "2173"]
[PlyCount "108"]
[EventDate "2008.06.23"]
[EventType "swiss"]
[EventRounds "9"]
[EventCountry "HUN"]
[SourceTitle "EXT 2011"]
[Source "ChessBase"]
[SourceDate "2010.11.26"]
[SourceVersion "1"]
[SourceVersionDate "2010.11.26"]
[SourceQuality "1"]

1. e4 Nc6 2. Nc3 e5 3. Nf3 Bc5 4. Bc4 Nf6 5. d3 h6 6. a3 d6 7. h3 0-0 8. b4 Bb6 9. Na4 Ne7 10. 0-0 Ng6 11. Nxb6 axb6 12. Kh2 Be6 13. Bxe6 fxe6 14. Ng1 d5 15. exd5 exd5 16. Be3 d4 17. Bd2 Qd6 18. g3 Nd5 19. Qe2 Rf6 20. f3 b5 21. Rf2 c5 22. Qe1 c4 23. dxc4 bxc4 24. c3 b5 25. Qe4 d3 26. a4 Nb6 27. a5 Nd5 28. Raf1 Raf8 29. h4 Nge7 30. Re2 Nc6 31. Ref2 Rf5 32. Nh3 Qe6 33. g4 R5f7 34. g5 h5 35. g6 Rf5 36. Ng5 Qd7 37. Nh7 Nf6 38. Nxf8 Kxf8 39. Qe1 Ne7 40. Bg5 Nxg6 41. Qe3 Kg8 42. Rg1 Nd5 43. Qd2 Ngf4 44. Rg3 Ne2 45. Rxe2 dxe2 46. Qxe2 Nxc3 47. Qe3 Qd4 48. a6 Nd5 49. Qxd4 exd4 50. a7 Nb6 51. Bd8 Na8 52. Be7 c3 53. Bc5 c2 54. Rg1 Rxc5 0-1

[Event "Bayern-ch Seniors 20th"]
[White "Trnovec, Mihaly"]
[Black "Siegl, Wolfgang"]
[Site "Bergen"]
[Round "1.17"]
[Result "1/2-1/2"]
[Date "2008.06.07"]
[WhiteElo "1915"]
[BlackElo "1644"]
[PlyCount "50"]
[EventDate "2008.06.07"]
[EventType "swiss"]
[EventRounds "9"]
[EventCountry "GER"]
[SourceTitle "EXT 2022"]
[Source "ChessBase"]
[SourceDate "2021.10.06"]
[SourceVersion "1"]
[SourceVersionDate "2021.10.06"]
[SourceQuality "1"]

1. e4 e6 2. d4 d5 3. Nc3 dxe4 4. Nxe4 Nd7 5. Bd3 Ngf6 6. Ng3 c5 7. Nf3 cxd4 8. Nxd4 Nc5 9. 0-0 Nxd3 10. Qxd3 Bd7 11. Re1 Be7 12. Nf3 Qc7 13. Ne5 Rd8 14. Nxd7 Rxd7 15. Qe2 0-0 16. h3 Rfd8 17. Nf1 Nd5 18. c3 Nf4 19. Bxf4 Qxf4 20. Rad1 Bc5 21. Rxd7 Rxd7 22. g3 Qd6 23. Kg2 Qd5+ 24. f3 Qxa2 25. b4 Qxe2+ 1/2-1/2

[Event "Zalakaros op 27th"]
[White "Feher, Adam"]
[Black "Trnovec, Mihaly"]
[Site "Zalakaros"]
[Round "4"]
[Result "1-0"]
[Date "2008.05.25"]
[WhiteElo "2153"]
[BlackElo "2028"]
[PlyCount "43"]
[EventDate "2008.05.22"]
[EventType "swiss"]
[EventRounds "9"]
[EventCountry "HUN"]
[SourceTitle "CBM 124 Extra"]
[Source "ChessBase"]
[SourceDate "2008.07.03"]
[SourceVersion "1"]
[SourceVersionDate "2008.07.03"]
[SourceQuality "1"]

1. e4 c5 2. Nf3 g6 3. d4 Bg7 4. dxc5 Qa5+ 5. c3 Qxc5 6. Na3 a6 7. Nc4 Nc6 8. Be3 Qh5 9. Be2 Bh6 10. Ng5 Qxg5 11. Bxg5 Bxg5 12. h4 Bf6 13. Nb6 Rb8 14. h5 h6 15. hxg6 fxg6 16. Qb3 Na5 17. Qc2 Nc6 18. f4 d6 19. Nxc8 Rxc8 20. e5 dxe5 21. Qxg6+ Kf8 22. Bh5 1-0

[Event "GER-ch Seniors Gp-A 19th"]
[White "Siegmund, Rainer"]
[Black "Trnovec, Mihaly"]
[Site "Templin"]
[Round "7"]
[Result "1-0"]
[Date "2007.08.29"]
[WhiteElo "2061"]
[BlackElo "1946"]
[PlyCount "75"]
[EventDate "2007.08.23"]
[EventType "swiss"]
[EventRounds "9"]
[EventCountry "GER"]
[SourceTitle "EXT 2022"]
[Source "ChessBase"]
[SourceDate "2021.10.06"]
[SourceVersion "1"]
[SourceVersionDate "2021.10.06"]
[SourceQuality "1"]

1. d4 g6 2. c4 Bg7 3. e4 d6 4. Nc3 Nd7 5. f4 c5 6. d5 Nh6 7. Bd3 0-0 8. Nf3 f6 9. 0-0 a6 10. Re1 Nf7 11. Be3 Nh6 12. h3 f5 13. e5 dxe5 14. fxe5 f4 15. Bf2 b6 16. Bh4 Qe8 17. Bg5 Bb7 18. Qd2 Nf5 19. e6 Nf6 20. Bxf5 gxf5 21. Qxf4 b5 22. Bxf6 Bxf6 23. Ne5 bxc4 24. Re3 Bxe5 25. Rxe5 Qg6 26. Rf1 Rad8 27. Qxc4 Qf6 28. Qf4 Kh8 29. Rxf5 Qxf5 30. Qxf5 Rxf5 31. Rxf5 Re8 32. Kf2 Kg8 33. Ke3 Rf8 34. Kf4 a5 35. Rxf8+ Kxf8 36. g4 Ba6 37. g5 Bf1 38. h4 1-0

[Event "GER-ch Seniors Gp-A 19th"]
[White "Trnovec, Mihaly"]
[Black "Korn, Juergen Christof"]
[Site "Templin"]
[Round "5"]
[Result "0-1"]
[Date "2007.08.27"]
[WhiteElo "1946"]
[BlackElo "2027"]
[PlyCount "115"]
[EventDate "2007.08.23"]
[EventType "swiss"]
[EventRounds "9"]
[EventCountry "GER"]
[SourceTitle "EXT 2022"]
[Source "ChessBase"]
[SourceDate "2021.10.06"]
[SourceVersion "1"]
[SourceVersionDate "2021.10.06"]
[SourceQuality "1"]

1. e4 c5 2. Nc3 Nc6 3. f4 e6 4. Bc4 a6 5. a3 b5 6. Ba2 Bb7 7. d3 b4 8. Nce2 d5 9. e5 Nge7 10. Nf3 a5 11. 0-0 Qb6 12. Kh1 h5 13. c3 Nf5 14. d4 Ba6 15. axb4 Bxe2 16. Qxe2 axb4 17. Bd2 b3 18. Bxb3 Rxa1 19. Rxa1 Qxb3 20. Ra8+ Nd8 21. Qa6 Be7 22. Qc6+ Kf8 23. Qc7 Kg8 24. Rxd8+ Bxd8 25. Qxd8+ Kh7 26. Qg5 cxd4 27. h3 h4 28. Kh2 Qb8 29. cxd4 Qd8 30. Qg4 g6 31. Be1 Kg7 32. Bf2 Nh6 33. Qxh4 Qxh4 34. Bxh4 Rb8 35. g4 Rxb2+ 36. Kg3 Rb3 37. Be7 Ng8 38. Bc5 f6 39. g5 f5 40. h4 Kf7 41. Kf2 Ne7 42. Bxe7 Kxe7 43. Kg2 Kd7 44. Kf2 Ra3 45. Kg2 Ra8 46. Kf2 Kc6 47. Ke2 Kb5 48. Kd3 Ra3+ 49. Ke2 Kc4 50. h5 gxh5 51. g6 Ra8 52. Ke3 Rg8 53. Nh4 Kc3 54. Kf2 Kxd4 55. Kg3 Ke4 56. Nf3 Rxg6+ 57. Ng5+ Ke3 58. Kh4 0-1

[Event "GER-ch Seniors Gp-A 19th"]
[White "Trnovec, Mihaly"]
[Black "Clemens, Christian"]
[Site "Templin"]
[Round "3"]
[Result "1/2-1/2"]
[Date "2007.08.25"]
[WhiteElo "1946"]
[BlackElo "2163"]
[PlyCount "43"]
[EventDate "2007.08.23"]
[EventType "swiss"]
[EventRounds "9"]
[EventCountry "GER"]
[SourceTitle "EXT 2022"]
[Source "ChessBase"]
[SourceDate "2021.10.06"]
[SourceVersion "1"]
[SourceVersionDate "2021.10.06"]
[SourceQuality "1"]

1. e4 Nf6 2. e5 Nd5 3. c4 Nb6 4. d4 d6 5. f4 dxe5 6. fxe5 Nc6 7. Be3 Bf5 8. a3 e6 9. Nf3 Bg4 10. Nbd2 Be7 11. Be2 0-0 12. 0-0 a5 13. Ne4 a4 14. h3 Bh5 15. Ng3 Bg6 16. Bd3 Na5 17. Bxg6 hxg6 18. c5 Nd5 19. Qe2 Nb3 20. Rad1 b6 21. cxb6 cxb6 22. Ne4 1/2-1/2

[Event "GER-ch Seniors 18th"]
[White "Trnovec, Mihaly"]
[Black "Petzold, Hans"]
[Site "Dresden"]
[Round "9"]
[Result "0-1"]
[Date "2006.07.30"]
[WhiteElo "2075"]
[BlackElo "2164"]
[PlyCount "62"]
[EventDate "2006.07.22"]
[EventType "swiss"]
[EventRounds "9"]
[EventCountry "GER"]
[SourceTitle "CBM 113 Extra"]
[Source "ChessBase"]
[SourceDate "2006.09.14"]
[SourceVersion "1"]
[SourceVersionDate "2006.09.14"]
[SourceQuality "1"]

1. e4 e6 2. d4 d5 3. Nc3 Bb4 4. a3 Bxc3+ 5. bxc3 dxe4 6. Qg4 Nf6 7. Qxg7 Rg8 8. Qh6 Nbd7 9. h3 b6 10. Bg5 Bb7 11. Bb5 Rg6 12. Qh4 Qe7 13. Ne2 0-0-0 14. Bxd7+ Kxd7 15. Nf4 Rxg5 16. Qxg5 Rg8 17. Qb5+ Kc8 18. Qb4 c5 19. Qb2 e5 20. Ne2 e3 21. fxe3 exd4 22. cxd4 Rxg2 23. Qb3 Ne4 24. 0-0-0 Rxe2 25. Rhg1 Nf2 26. Rdf1 Be4 27. Rxf2 Rxf2 28. Rg8+ Kb7 29. c3 Rc2+ 30. Kd1 Qf6 31. Rg1 Qf3+ 0-1

[Event "GER-ch Seniors 18th"]
[White "Trnovec, Mihaly"]
[Black "Dresig, Hans"]
[Site "Dresden"]
[Round "1"]
[Result "1-0"]
[Date "2006.07.22"]
[WhiteElo "1909"]
[BlackElo "1747"]
[PlyCount "73"]
[EventDate "2006.07.22"]
[EventType "swiss"]
[EventRounds "9"]
[EventCountry "GER"]
[SourceTitle "EXT 2022"]
[Source "ChessBase"]
[SourceDate "2021.10.06"]
[SourceVersion "1"]
[SourceVersionDate "2021.10.06"]
[SourceQuality "1"]

1. e4 d5 2. exd5 Qxd5 3. Nc3 Qa5 4. Bc4 Nf6 5. d4 Bf5 6. Nf3 e6 7. Bd2 c6 8. Ne4 Qd8 9. Ng3 Bg4 10. c3 Bd6 11. h3 Bxg3 12. fxg3 Bh5 13. 0-0 Nbd7 14. Qe1 Qe7 15. a4 Nb6 16. Be2 Nbd5 17. c4 Nc7 18. Bb4 Qd8 19. Rd1 Bxf3 20. Bxf3 Na6 21. Ba3 Qc7 22. d5 0-0-0 23. d6 Qb6+ 24. c5 Nxc5 25. a5 Nd3+ 26. axb6 Nxe1 27. Rfxe1 axb6 28. g4 h6 29. h4 Kd7 30. g5 Ne8 31. Re3 Ra8 32. g6 f5 33. Rde1 Nf6 34. Rxe6 Rhe8 35. Re7+ Rxe7 36. Rxe7+ Kd8 37. Rxg7 1-0

[Event "Brandenburg Seniors op 15th"]
[White "Joch, Horst"]
[Black "Trnovec, Mihaly"]
[Site "Rowy"]
[Round "9"]
[Result "0-1"]
[Date "2006.06.28"]
[WhiteElo "1562"]
[BlackElo "1903"]
[PlyCount "106"]
[EventDate "2006.06.19"]
[EventType "swiss"]
[EventRounds "9"]
[EventCountry "POL"]
[SourceTitle "EXT 2007"]
[Source "ChessBase"]
[SourceDate "2006.11.23"]
[SourceVersion "1"]
[SourceVersionDate "2006.11.23"]
[SourceQuality "1"]

1. e4 c5 2. Nf3 g6 3. Bc4 Bg7 4. c3 e6 5. d4 cxd4 6. Nxd4 Ne7 7. Nb5 0-0 8. Bg5 Nbc6 9. 0-0 d5 10. Bxe7 Nxe7 11. exd5 exd5 12. Bb3 a6 13. Nd4 Nc6 14. Nxc6 bxc6 15. Na3 Be6 16. Re1 Qf6 17. Re3 d4 18. Rf3 Qh4 19. g3 Qg4 20. Bxe6 Qxe6 21. cxd4 Rad8 22. Nc2 Rd5 23. Rd3 Rfd8 24. b4 Qd7 25. Rd2 Bxd4 26. Nxd4 Rxd4 27. Rxd4 Qxd4 28. Qxd4 Rxd4 29. Rb1 Kf8 30. a3 Ke7 31. Rc1 Kd6 32. Rc5 Kc7 33. Ra5 Kb6 34. Kf1 Re4 35. Kg2 f6 36. Kf3 Rc4 37. h3 c5 38. Rxc5 Rxc5 39. bxc5+ Kxc5 40. Ke3 Kc4 41. Kd2 Kb3 42. Kd3 Kxa3 43. Kc3 h5 44. f3 g5 45. h4 gxh4 46. gxh4 a5 47. f4 f5 48. Kc4 Kb2 49. Kb5 Kc3 50. Kxa5 Kd4 51. Kb4 Ke4 52. Kc3 Kxf4 53. Kd3 Kg4 0-1

[Event "Brandenburg Seniors op 15th"]
[White "Trnovec, Mihaly"]
[Black "Augustat, Siegfried"]
[Site "Rowy"]
[Round "2"]
[Result "0-1"]
[Date "2006.06.20"]
[WhiteElo "1903"]
[BlackElo "1776"]
[PlyCount "108"]
[EventDate "2006.06.19"]
[EventType "swiss"]
[EventRounds "9"]
[EventCountry "POL"]
[SourceTitle "EXT 2007"]
[Source "ChessBase"]
[SourceDate "2006.11.23"]
[SourceVersion "1"]
[SourceVersionDate "2006.11.23"]
[SourceQuality "1"]

1. e4 e5 2. d4 exd4 3. Qxd4 Nc6 4. Qe3 Nf6 5. Nc3 Bb4 6. Bd2 0-0 7. 0-0-0 Re8 8. Qg3 d6 9. f3 Nh5 10. Qe1 Be6 11. a3 Ba5 12. g4 Nf6 13. Qg3 Qe7 14. h4 Rad8 15. h5 Nd7 16. Nh3 f6 17. Nf4 Bf7 18. Nfd5 Bxd5 19. exd5 Ncb8 20. b4 Bb6 21. f4 Be3 22. Bd3 Bxd2+ 23. Kxd2 a6 24. Rde1 Qf8 25. Bf5 Nb6 26. Be6+ Kh8 27. Qd3 Re7 28. Ref1 N8d7 29. g5 Rde8 30. Qh3 c6 31. h6 g6 32. Bxd7 Nxd7 33. Qd3 c5 34. f5 Ne5 35. Qg3 Nc4+ 36. Kc1 Re3 37. Rf3 Rxf3 38. Qxf3 fxg5 39. Qg4 Nxa3 40. bxc5 Qxf5 41. Qxf5 gxf5 42. cxd6 Rd8 43. Re1 Kg8 44. Re7 Rxd6 45. Rg7+ Kh8 46. Rxg5 Rf6 47. Rg7 b5 48. Rc7 Rxh6 49. Rc6 Rxc6 50. dxc6 Nc4 51. c7 Nd6 52. Kd2 Kg7 53. Nd5 Nc8 54. Ne7 Nxe7 0-1

[Event "Brandenburg Seniors op 15th"]
[White "Huth, Heinz"]
[Black "Trnovec, Mihaly"]
[Site "Rowy"]
[Round "1"]
[Result "0-1"]
[Date "2006.06.19"]
[WhiteElo "1714"]
[BlackElo "1903"]
[PlyCount "120"]
[EventDate "2006.06.19"]
[EventType "swiss"]
[EventRounds "9"]
[EventCountry "POL"]
[SourceTitle "EXT 2007"]
[Source "ChessBase"]
[SourceDate "2006.11.23"]
[SourceVersion "1"]
[SourceVersionDate "2006.11.23"]
[SourceQuality "1"]

1. d4 Nf6 2. c4 e5 3. dxe5 Ng4 4. Nf3 Nc6 5. e3 Ngxe5 6. Nc3 Bb4 7. Bd2 d6 8. Nxe5 dxe5 9. a3 Bxc3 10. Bxc3 Qxd1+ 11. Rxd1 f6 12. Be2 Be6 13. 0-0 0-0 14. b4 Rfd8 15. f3 Rxd1 16. Rxd1 Rd8 17. Rxd8+ Nxd8 18. c5 c6 19. Kf2 Bb3 20. Ke1 Ne6 21. Bd1 Bxd1 22. Kxd1 Nc7 23. e4 Kf7 24. Kd2 Ke6 25. a4 a6 26. g4 g6 27. Kd3 f5 28. Be1 Ne8 29. Bh4 h6 30. h3 fxe4+ 31. fxe4 g5 32. Be1 Nf6 33. Bd2 Ng8 34. Ke3 Ne7 35. Kf3 Ng6 36. Kg3 Kd7 37. Bc3 Ke6 38. Bd2 Kf6 39. Kf3 Nf4 40. Kg3 Nd3 41. a5 Nf4 42. Be1 Kg6 43. Bd2 h5 44. Be3 h4+ 45. Kh2 Nd3 46. Kg2 Nxb4 47. Kf3 Nd3 48. Kg2 Nf4+ 49. Kh2 Ne2 50. Kg2 Kf6 51. Bd2 Nf4+ 52. Kh2 Ne6 53. Bb4 Nd4 54. Kg2 Ne6 55. Ba3 Nf4+ 56. Kh2 Ne2 57. Kg2 Ke6 58. Bb2 Kf6 59. Ba1 Nf4+ 60. Kh2 Nd3 0-1

[Event "Bad Wiessee Seniors op 1st"]
[White "Meinhardt, Guenther"]
[Black "Trnovec, Mihaly"]
[Site "Bad Wiessee"]
[Round "7"]
[Result "0-1"]
[Date "2006.04.23"]
[WhiteElo "1968"]
[BlackElo "2076"]
[PlyCount "51"]
[EventDate "2006.04.18"]
[EventType "swiss"]
[EventRounds "7"]
[EventCountry "GER"]
[SourceTitle "EXT 2007"]
[Source "ChessBase"]
[SourceDate "2006.11.23"]
[SourceVersion "1"]
[SourceVersionDate "2006.11.23"]
[SourceQuality "1"]

1. d4 Nf6 2. Nf3 c5 3. e3 e6 4. c4 d5 5. Nc3 a6 6. cxd5 Nxd5 7. e4 Nxc3 8. bxc3 Be7 9. Bd3 cxd4 10. cxd4 Bb4+ 11. Bd2 Bxd2+ 12. Qxd2 0-0 13. 0-0 Nc6 14. e5 h6 15. Rac1 Ne7 16. Be4 Nd5 17. Rc5 Rb8 18. Rfc1 b6 19. Rc6 Bb7 20. Rd6 Qe7 21. Rb1 b5 22. Ne1 Nc3 23. Qxc3 Bxe4 24. Rc1 Qb7 25. f3 Bd5 26. Nd3 0-1

[Event "Bad Woerishofen Seniors opA 22th"]
[White "Trnovec, Mihaly"]
[Black "Huhn, Ulrich"]
[Site "Bad Woerishofen"]
[Round "9"]
[Result "1/2-1/2"]
[Date "2006.03.25"]
[WhiteElo "1866"]
[BlackElo "1857"]
[PlyCount "42"]
[EventDate "2006.03.17"]
[EventType "swiss"]
[EventRounds "9"]
[EventCountry "GER"]
[SourceTitle "EXT 2022"]
[Source "ChessBase"]
[SourceDate "2021.10.06"]
[SourceVersion "1"]
[SourceVersionDate "2021.10.06"]
[SourceQuality "1"]

1. e4 d5 2. exd5 Nf6 3. Nc3 Nxd5 4. Bc4 c6 5. d3 Bf5 6. Nge2 e6 7. Ng3 Bg6 8. Qe2 Be7 9. 0-0 Nd7 10. a4 0-0 11. f4 N7f6 12. Kh1 Qc7 13. Nge4 Rfe8 14. Qf2 Rad8 15. h3 Qb6 16. Qe2 a5 17. Bb3 Rd7 18. Nxf6+ Nxf6 19. Be3 Bc5 20. Bxc5 Qxc5 21. Rae1 Red8 1/2-1/2

[Event "Bad Woerishofen Seniors opA 22th"]
[White "Trnovec, Mihaly"]
[Black "Tochtermann, Georg"]
[Site "Bad Woerishofen"]
[Round "7"]
[Result "1-0"]
[Date "2006.03.23"]
[WhiteElo "1866"]
[BlackElo "1758"]
[PlyCount "59"]
[EventDate "2006.03.17"]
[EventType "swiss"]
[EventRounds "9"]
[EventCountry "GER"]
[SourceTitle "EXT 2022"]
[Source "ChessBase"]
[SourceDate "2021.10.06"]
[SourceVersion "1"]
[SourceVersionDate "2021.10.06"]
[SourceQuality "1"]

1. e4 d6 2. Nc3 g6 3. g3 Bg7 4. Bg2 c6 5. Nge2 Qc7 6. d4 e5 7. d5 c5 8. 0-0 Ne7 9. Nb5 Qb6 10. c4 a6 11. Nbc3 0-0 12. Rb1 Qc7 13. f4 f5 14. fxe5 Bxe5 15. Bf4 Nd7 16. Qd2 Bxf4 17. Nxf4 Ne5 18. b3 Bd7 19. Rbe1 Rae8 20. Nd3 Nf7 21. Rf2 Kg7 22. Qb2 Kg8 23. Ree2 Qd8 24. Qd2 Kg7 25. Qb2 Kg8 26. Rd2 b5 27. e5 dxe5 28. d6 Nc8 29. cxb5 axb5 30. Nxc5 1-0

[Event "ESP-ch Seniors"]
[White "Gonzalo Gonzalez, Francisco"]
[Black "Trnovec, Mihaly"]
[Site "Mallorca"]
[Round "9"]
[Result "0-1"]
[Date "2004.10.20"]
[WhiteElo "1991"]
[BlackElo "1998"]
[PlyCount "84"]
[EventDate "2004.10.12"]
[EventType "swiss"]
[EventRounds "9"]
[EventCountry "ESP"]
[SourceTitle "EXT 2005"]
[Source "ChessBase"]
[SourceDate "2004.11.15"]
[SourceVersion "1"]
[SourceVersionDate "2004.11.15"]
[SourceQuality "1"]

1. e4 c5 2. Bc4 g6 3. Nf3 Bg7 4. c3 e6 5. d4 cxd4 6. cxd4 d5 7. exd5 exd5 8. Bb5+ Bd7 9. Qe2+ Qe7 10. Be3 Nf6 11. 0-0 0-0 12. Nc3 a6 13. Ba4 b5 14. Bb3 Be6 15. Ne5 Qb7 16. f4 Nbd7 17. Bc2 Ne4 18. Qf3 Ndf6 19. Rae1 Rac8 20. Bc1 b4 21. Nxe4 Nxe4 22. Bxe4 dxe4 23. Qxe4 Bd5 24. Qe2 Bxa2 25. Rf3 Bd5 26. Rg3 b3 27. Rd3 Rfe8 28. Qf2 Rc2 29. Rd2 Rec8 30. Qf1 a5 31. Rde2 Qb5 32. Be3 a4 33. Bf2 Bf8 34. h3 a3 35. bxa3 Bxa3 36. Nxg6 hxg6 37. Re8+ Qxe8 38. Rxe8+ Rxe8 39. Qb5 Ree2 40. Qxd5 b2 41. Qa8+ Bf8 42. f5 b1Q+ 0-1